| 000 | 00932nam a2200301Ia 4500 | ||
|---|---|---|---|
| 003 | OSt | ||
| 005 | 20250806093414.0 | ||
| 008 | 210210b1944 xxu||||| |||| 00| 0 eng d | ||
| 040 | _cAL | ||
| 041 | _aKannada | ||
| 082 | _a852/538 | ||
| 100 |
_aVENKATARAMANA SHASTRI _dವೆಂಕಟರಮಣ ಶಾಸ್ತ್ರಿ tr _9234093 |
||
| 245 |
_aVishnu dharmottara mahapuranam: Prathama khanda bhaga 1 _bವಿಷ್ಣು ಧರ್ಮೋತ್ತರ ಮಹಾಪುರಾಣಂ: ಪ್ರಥಮ ಖಂಡ |
||
| 260 |
_aMaisUru _b- _c1944 |
||
| 440 |
_a1 _9234094 |
||
| 650 |
_aVishNu _9234095 |
||
| 650 |
_aprathama _9234096 |
||
| 650 |
_amahapuraNam: _9234097 |
||
| 650 |
_amahapuranam _9234098 |
||
| 650 |
_akhanDa _9234099 |
||
| 650 |
_akhan _9234100 |
||
| 650 |
_adharmottara _9234101 |
||
| 650 |
_abhaga _9234102 |
||
| 650 |
_a1 _9234103 |
||
| 690 |
_aKannada Prose _9234104 |
||
| 906 | _a019104 | ||
| 942 |
_2ddc _cBK |
||
| 999 |
_c143214 _d143214 |
||